书目信息 |
| 题名: |
易混淆词
|
|
| 作者: | 卡彭特 著 ;顾明华 译 | |
| 分册: | ||
| 出版信息: | 北京 商务印书馆 2020.06 |
|
| 页数: | xi, 293页 | |
| 开本: | 21cm | |
| 丛书名: | 柯林斯COBUILD英语语法丛书 | |
| 单 册: | ||
| 中图分类: | H313.2 | |
| 科图分类: | ||
| 主题词: | 英语--ying yu--同义词 | |
| 电子资源: | ||
| ISBN: | 978-7-100-18101-3 | |
| 000 | 01064nam 2200289 450 | |
| 001 | 0100015931 | |
| 005 | 20200929160439.0 | |
| 010 | @a978-7-100-18101-3@dCNY32.00 | |
| 100 | @a20200821d2020 em y0chiy50 ea | |
| 101 | 2 | @achi@aeng@ceng |
| 102 | @aCN@b110000 | |
| 105 | @ay z 001yy | |
| 106 | @ar | |
| 200 | 1 | @a易混淆词@Ayi hun xiao ci@f(英) 埃德温·卡彭特著@d= Confusable words@fEdwin Carpenter@g顾明华译@zeng |
| 210 | @a北京@c商务印书馆@d2020.06 | |
| 215 | @axi, 293页@d21cm | |
| 225 | 2 | @a柯林斯COBUILD英语语法丛书@Ake lin si COBUILD ying yu yu fa cong shu |
| 320 | @a有索引 | |
| 330 | @a本书着重辨析容易被混淆的词, 收集近400个词条, 共计900余词项。词条引用实例说明该词在现代英语中的典型用法。所有的实例均来自COBUILD语料库。 | |
| 410 | 0 | @12001 @a柯林斯COBUILD英语语法丛书 |
| 500 | 10 | @aConfusable words@mChinese |
| 606 | 0 | @a英语@Aying yu@x同义词 |
| 690 | @aH313.2@v5 | |
| 701 | 1 | @a卡彭特@Aka peng te@g(Carpenter, Edwin)@4著 |
| 702 | 0 | @a顾明华@Agu ming hua@4译 |
| 801 | 0 | @aCN@c20200821 |
| 905 | @a河南城建学院图书馆@dH313.2@f3@eK076 | |
| 易混淆词/(英) 埃德温·卡彭特著= Confusable words/Edwin Carpenter/顾明华译.-北京:商务印书馆,2020.06 |
| xi, 293页;21cm.-(柯林斯COBUILD英语语法丛书) |
| ISBN 978-7-100-18101-3:CNY32.00 |
| 本书着重辨析容易被混淆的词, 收集近400个词条, 共计900余词项。词条引用实例说明该词在现代英语中的典型用法。所有的实例均来自COBUILD语料库。 |
| ● |
| 相关链接 |
|
|
|
正题名:易混淆词
索取号:H313.2/K076
 
预约/预借
| 序号 | 登录号 | 条形码 | 馆藏地/架位号 | 状态 | 备注 |
| 1 | 1492666 | 214926669 | 语言库209/209语言库 34排1列1层/ [索取号:H313.2/K076] | 在馆 | |
| 2 | 1492667 | 214926678 | 语言库209/209语言库 34排1列1层/ [索取号:H313.2/K076] | 在馆 | |
| 3 | 1492668 | 214926687 | 语言库209/209语言库 34排1列1层/ [索取号:H313.2/K076] | 在馆 |